NHL Greatest Expansion Era Players - Statistics

General Stats
  • This quiz has been taken 48 times
  • The average score is 20 of 30
Answer Stats
# Team Career Player % Correct
Forwards 1 Oilers 1979-1999 Wayne Gretzky
100%
Forwards 2 Penguins 1985-2006 Mario Lemieux
97%
Defensemen 1 Bruins 1967-1979 Bobby Orr
94%
Forwards 4 Red Wings 1984-2006 Steve Yzerman
94%
Forwards 11 Flyers 1970-1984 Bobby Clarke
88%
Forwards 3 Bruins 1964-1981 Phil Esposito
88%
Goalies 1 Black Hawks 1969-1984 Tony Esposito
88%
Forwards 9 Islanders 1976-1994 Bryan Trottier
85%
Forwards 10 Oilers 1979-1998 Jari Kurri
85%
Forwards 8 Kings 1972-1989 Marcel Dionne
85%
Forwards 7 Oilers 1979-2004 Mark Messier
85%
Defensemen 3 Oilers 1981-2001 Paul Coffey
85%
Defensemen 2 Bruins 1980-2001 Ray Bourque
85%
Defensemen 4 Islanders 1974-1988 Denis Potvin
79%
Forwards 5 Canadiens 1972-1991 Guy Lafleur
79%
Forwards 6 Islanders 1978-1987 Mike Bossy
79%
Goalies 2 Canadiens 1971-1979 Ken Dryden
62%
Defensemen 5 Canadiens 1973-1992 Larry Robinson
62%
Goalies 4 Islanders 1972-1989 Billy Smith
59%
Forwards 14 Bruins 1984-1996 Cam Neely
50%
Forwards 15 Maple Leafs 1984-2003 Doug Gilmour
50%
Goalies 3 Flyers 1966-1979 Bernie Parent
47%
Forwards 12 Islanders 1984-1998 Pat LaFontaine
44%
Defensemen 9 Sabres 1983-2003 Phil Housley
44%
Goalies 5 Rangers 1982-2002 John Vanbiesbrouck
32%
Defensemen 7 Capitals 1983-2004 Scott Stevens
29%
Defensemen 8 Bruins 1969-1985 Brad Park
24%
Forwards 13 Canadiens 1964-1979 Yvan Cournoyer
21%
Defensemen 10 Canadiens 1969-1984 Guy Lapointe
18%
Defensemen 6 Capitals 1981-2001 Larry Murphy
18%
No matching quizzes found
Score Distribution
Percent of People with Each Score
Percentile by Number Answered
Your Score History
You have not taken this quiz